<?xml version="1.0" encoding="UTF-8"?>
<record
    xmlns:xsi="http://www.w3.org/2001/XMLSchema-instance"
    xsi:schemaLocation="http://www.loc.gov/MARC21/slim http://www.loc.gov/standards/marcxml/schema/MARC21slim.xsd"
    xmlns="http://www.loc.gov/MARC21/slim">

  <leader>00846nam a2200229   4500</leader>
  <controlfield tag="001">85121</controlfield>
  <controlfield tag="003">BD-RjUL</controlfield>
  <controlfield tag="005">20251012104727.0</controlfield>
  <controlfield tag="008">250703s1988    p  ||||| |||| 00| 0 u   d</controlfield>
  <datafield tag="035" ind1=" " ind2=" ">
    <subfield code="a">(BD-RjUL)85121</subfield>
  </datafield>
  <datafield tag="040" ind1=" " ind2=" ">
    <subfield code="a">BD-RjUL</subfield>
    <subfield code="b">eng</subfield>
    <subfield code="c">BD-RjUL</subfield>
  </datafield>
  <datafield tag="041" ind1=" " ind2=" ">
    <subfield code="a">urd</subfield>
  </datafield>
  <datafield tag="082" ind1=" " ind2=" ">
    <subfield code="2">23</subfield>
    <subfield code="a">891.4390721</subfield>
    <subfield code="b">BAU 1988</subfield>
  </datafield>
  <datafield tag="100" ind1=" " ind2=" ">
    <subfield code="a">Bakhsh, M. Sultan      ;;;    &#x628;&#x62E;&#x634;&#x60C;  &#x627;&#x64A;&#x645; &#x633;&#x644;&#x637;&#x627;&#x646;</subfield>
    <subfield code="9">15889</subfield>
  </datafield>
  <datafield tag="245" ind1="1" ind2="0">
    <subfield code="a">&#x627;&#x631;&#x62F;&#x648; &#x645;&#x64A;&#x6BA; &#x627;&#x635;&#x648;&#x644; &#x62A;&#x62D;&#x642;&#x64A;&#x642; : &#x627;&#x646;&#x62A;&#x62E;&#x627;&#x628; &#x645;&#x642;&#x627;&#x644;&#x627;&#x62A; / Urd&#x16B; men&#x332; u&#x1E63;&#x16B;l-i ta&#x1E25;q&#x12B;q : intik&#x332;h&#x332;&#x101;b-i maq&#x101;l&#x101;t /</subfield>
    <subfield code="c"> Sult&#x324;&#x101;nah Bak&#x332;h&#x332;sh, &#x627;&#x64A;&#x645; &#x633;&#x644;&#x637;&#x627;&#x646;&#x647; &#x628;&#x62E;&#x634;. </subfield>
  </datafield>
  <datafield tag="250" ind1=" " ind2=" ">
    <subfield code="a">2nd. ed.</subfield>
  </datafield>
  <datafield tag="260" ind1=" " ind2=" ">
    <subfield code="a">&#x627;&#x633;&#x644;&#x627;&#x645; &#x627;&#x628;&#x627;&#x62F;:</subfield>
    <subfield code="b">, &#x645;&#x642;&#x62A;&#x62F;&#x631;&#x6C1; &#x642;&#x648;&#x645;&#x6CC; &#x632;&#x628;&#x627;&#x646;</subfield>
    <subfield code="c">1988</subfield>
  </datafield>
  <datafield tag="300" ind1=" " ind2=" ">
    <subfield code="a"> volumes ;</subfield>
    <subfield code="c">22cm</subfield>
  </datafield>
  <datafield tag="505" ind1=" " ind2=" ">
    <subfield code="a">Vol. 1. &#x627;&#x646;&#x62A;&#x62E;&#x627;&#x628; &#x645;&#x642;&#x627;&#x644;&#x62A; ;--V.2.--</subfield>
  </datafield>
  <datafield tag="650" ind1=" " ind2=" ">
    <subfield code="a">Research Methodology</subfield>
    <subfield code="9">7401</subfield>
  </datafield>
  <datafield tag="942" ind1=" " ind2=" ">
    <subfield code="2">ddc</subfield>
    <subfield code="c">BK</subfield>
  </datafield>
  <datafield tag="999" ind1=" " ind2=" ">
    <subfield code="c">85121</subfield>
    <subfield code="d">85121</subfield>
  </datafield>
  <datafield tag="952" ind1=" " ind2=" ">
    <subfield code="0">0</subfield>
    <subfield code="1">0</subfield>
    <subfield code="2">ddc</subfield>
    <subfield code="4">0</subfield>
    <subfield code="7">1</subfield>
    <subfield code="a">RUCL</subfield>
    <subfield code="b">RUCL</subfield>
    <subfield code="c">Reading</subfield>
    <subfield code="d">1992-06-07</subfield>
    <subfield code="e">Abacus book, London</subfield>
    <subfield code="o">891.4390721 BAU V-2 1988</subfield>
    <subfield code="r">2025-07-03 00:00:00</subfield>
    <subfield code="t">C-1</subfield>
    <subfield code="y">BK</subfield>
  </datafield>
  <datafield tag="952" ind1=" " ind2=" ">
    <subfield code="0">0</subfield>
    <subfield code="1">0</subfield>
    <subfield code="2">ddc</subfield>
    <subfield code="4">0</subfield>
    <subfield code="7">1</subfield>
    <subfield code="8">NFIC</subfield>
    <subfield code="a">RUCL</subfield>
    <subfield code="b">RUCL</subfield>
    <subfield code="c">Reading</subfield>
    <subfield code="d">0000-00-00</subfield>
    <subfield code="e">Abacus book, London</subfield>
    <subfield code="g">150.00</subfield>
    <subfield code="l">0</subfield>
    <subfield code="o">891.4390721 BAU V-1 1989</subfield>
    <subfield code="r">2025-10-12 00:00:00</subfield>
    <subfield code="t">C-1</subfield>
    <subfield code="w">2025-10-12</subfield>
    <subfield code="y">BK</subfield>
  </datafield>
</record>
